000 00876nam a22002657a 4500
003 OSt
005 20260601171015.0
008 260506b1977\\\\mx\|||||\||||\00|\0\spa\d
040 _aICI
_bspa
_cICI
041 _aSPA
050 _aNA2542.4
_b.G85 1977
100 _aSanchez Alvaro;
_eautor
_933714
245 _aGuías para el desarrollo constructivo de proyectos arquitectónicos
_cSáncez Álvaro
260 _aMéxico
_c1977
300 _a204 páginas :
336 _2rdacontent
_atexto
337 _2rdamedia
_asin medio
338 _2rdacarrier
_avolumen
650 _aProyectos arquitectónicos
_xPlanificación
_933715
650 _aArquitectura
_xDiseño y construcción
_933716
650 _aDiseño y construcción
_xDirección de proyectos
_933717
650 _aDetalles arquitectónicos
650 _aEdificación
_xEspecificaciones
_933719
942 _2lcc
_cB
_n1
999 _c20642
_d20642